| 000 | 01584nam a2200373Ia 4500 | ||
|---|---|---|---|
| 001 | ebr10325931 | ||
| 003 | CaPaEBR | ||
| 006 | m u | ||
| 007 | cr cn||||||||| | ||
| 008 | 090205s2009 enk sb 001 0 eng d | ||
| 010 | _z 2009005393 | ||
| 020 | _z9780754674504 (hardback : alk. paper) | ||
| 040 |
_aCaPaEBR _cCaPaEBR |
||
| 035 | _a(OCoLC)434575280 | ||
| 050 | 1 | 4 |
_aJV7590 _b.G462 2009eb |
| 245 | 0 | 0 |
_aGender and migration in 21st century Europe _h[electronic resource] / _cedited by Helen Stalford, Samantha Curie and Samantha Velluti. |
| 260 |
_aFarnham, Surrey, England ; _aBurlington, VT : _bAshgate Pub., _c2009. |
||
| 300 | _axv, 247 p. | ||
| 490 | 1 | _aLaw and migration | |
| 504 | _aIncludes bibliographical references and index. | ||
| 533 |
_aElectronic reproduction. _bPalo Alto, Calif. : _cebrary, _d2011. _nAvailable via World Wide Web. _nAccess may be limited to ebrary affiliated libraries. |
||
| 650 | 0 |
_aMigration, Internal _xSocial aspects _zEurope. |
|
| 650 | 0 |
_aMigration, Internal _xSex differences _zEurope. |
|
| 650 | 0 |
_aEmigration and immigration law _zEurope. |
|
| 651 | 0 |
_aEurope _xEmigration and immigration _xSocial aspects. |
|
| 651 | 0 |
_aEurope _xEmigration and immigration _xSex differences. |
|
| 655 | 7 |
_aElectronic books. _2local |
|
| 700 | 1 | _aStalford, Helen. | |
| 700 | 1 |
_aCurrie, Samantha, _d1982- |
|
| 700 | 1 | _aVelluti, Samantha. | |
| 710 | 2 | _aebrary, Inc. | |
| 830 | 0 | _aLaw and migration. | |
| 856 | 4 | 0 |
_uhttp://site.ebrary.com/lib/rucke/Doc?id=10325931 _zAn electronic book accessible through the World Wide Web; click to view |
| 999 |
_c54216 _d54216 |
||